| 000 | 00669nam a2200193 i 4500 | ||
|---|---|---|---|
| 001 | 73914 | ||
| 003 | ES-MaACL | ||
| 005 | 20230906171947.0 | ||
| 007 | t| | ||
| 008 | 040913m19451946fr ||||1| fre d | ||
| 100 | 1 |
_aGonseth, Ferdinand. _958258 |
|
| 245 | 1 | 3 |
_aLa Géométrie et le probléme de l'espace / _cpar Ferdinand Gonseth. |
| 260 |
_aNeuchatel : _bGriffon, _c1945-1946 ( _fImprimerie Centrale) |
||
| 300 |
_a2 v. ; _c24 cm. |
||
| 490 | 1 |
_aBibliothèque scientifique. La Science dialectique ; _v2 ; 6 |
|
| 830 | 0 |
_aBibliothèque scientifique. La Science dialectique ; _v2 ; 6 _9231186 |
|
| 852 |
_aES-MaACL _j1878-F-11-12 _bR.25376 |
||
| 999 |
_c73914 _d73914 |
||